000
00290nam a22001217a 4500
999
_c
158273
_d
158273
082
_a
_b
100
_a
Peeru Kannu S
245
_a
The critical study of prasastapada bhasya/
_c
by Peeru Kannu S.
260
_a
New Delhi:
_b
Kanishka,
_c
1992.
300
_a
225p.
650
_a
942
_c
BK